000 01787nam0a22003851 4500
001 RU\NLR\A1SV\29383
005 20260406075956.0
035 _a(NLR Aleph) 009713301
090 _a9844165
_c9844165
100 _a20000525d1925 u y0rusy50 ca
101 0 _arus
102 _aRU
200 1 _aКаталог Выставки рисунков группы художников: Бруни Л.А., Купреянова Н.Н., Лебедева В.В., Львова П.И., Митурича П.В., Татлина В.Е., Тырсы Н.А.
_gГос. Цветков. галерея
210 _a[М.]
_d1925
215 _a8 с.
_d18 см
620 _dМосква
702 1 _aБруни
_bЛ.А.
_f1894-1948
_gЛев Александрович
_4070
702 1 _aКупреянов
_bН.Н.
_f1894-1933
_gНиколай Николаевич
_4070
702 1 _4070
_8rus
_7ca
_aЛебедев
_bВ. В.
_cживописец, график
_f1891-1967
_gВладимир Васильевич
_3RU\NLR\AUTH\7740013
_922966
702 1 _aЛьвов
_bП.И.
_f1882-1944
_gПетр Иванович
_4070
702 1 _aМитурич
_bП.В.
_f1887-1956
_gПетр Васильевич
_4070
702 1 _aТатлин
_bВ.Е.
_f1885-1953
_gВладимир Евграфович
_4070
702 1 _4070
_8rus
_7ca
_aТырса
_bН. А.
_f1887-1942
_gНиколай Андреевич
_3RU\NLR\AUTH\7739989
_922950
710 1 2 _aВыставка рисунков Бруни Л.А., Купреянова Н.Н., Лебедева В.В. и др.
_eМосква
_f1925
801 0 _aRU
_bNLR
_c20000525
852 _aNLR
_j64-2/74
899 _aБАН
899 _aРКП
899 _aНБ Бел.
899 _aРГБ
942 _cBOOK
980 _aNB
980 _aSCAN_DONE
980 _aA1SV